| 000 | 00855nam a2200253Ia 4500 | ||
|---|---|---|---|
| 003 | OSt | ||
| 005 | 20220928104608.0 | ||
| 006 | a|||||r|||| 00| 0 | ||
| 007 | ta | ||
| 008 | 220927b |||||||| |||| 00| 0 eng d | ||
| 024 | _a135210 | ||
| 037 |
_bGift, 01/03/2017, _cReports / Technical Reports |
||
| 040 |
_aSDCL _cSDCL _beng |
||
| 041 |
_2eng _aeng |
||
| 082 | _aY11.43'P13, Q3 | ||
| 100 |
_aHeiberg Turid Ed. _9411211 |
||
| 245 | 0 |
_aSouth Asian report _b On The child-friendliness of governments |
|
| 260 |
_aTerre _bdes Hommes Germany Centre for Child Rights _c2013 |
||
| 300 |
_a292p. _ccm. |
||
| 650 |
_aGift _9391569 |
||
| 700 |
_a Thukral Enakshi Ganguly Ed. _9371416 |
||
| 942 |
_hY11.43'P13, Q3 _cREP _2CC |
||
| 999 |
_c726881 _d726881 |
||